Výkonnosť krajín V4 na trhu cestovného ruchu Európskej únie

Pojem a východiská merania výkonnosti cestovného ruchu, zostavovanie satelitných účtov cestovného ruchu, výkonové ukazovatele cestovného ruchu v štátoch Európskej únie.

Salvato in:
Dettagli Bibliografici
Autore principale: Orelová, Andrea
Altri autori: Gajdošík, Tomáš
Natura: Capitolo di libro
Lingua:slovacco
Soggetti:
Tags: Aggiungi Tag
Nessun Tag, puoi essere il primo ad aggiungerne!!

MARC

LEADER 00000naa a2200000 4500
001 0252373
005 20221104111229.4
041 0 |a slo 
044 |a SK 
245 1 0 |a Výkonnosť krajín V4 na trhu cestovného ruchu Európskej únie  |c Andrea Orelová, Tomáš Gajdošík 
520 |a Pojem a východiská merania výkonnosti cestovného ruchu, zostavovanie satelitných účtov cestovného ruchu, výkonové ukazovatele cestovného ruchu v štátoch Európskej únie. 
610 2 0 |a ruch cestovný 
610 2 0 |a Vyšehradská štvorka 
610 2 0 |a Európska únia 
610 2 0 |a meranie výkonnosti 
610 2 0 |a ukazovatele výkonnosti 
610 2 0 |a analýza faktorová 
100 1 |a Orelová, Andrea 
700 1 |a Gajdošík, Tomáš